000 00253nam a2200097Ia 4500
001 1250448
005 20251031150856.0
008 251031s9999 xx 000 0 und d
245 0 _cMİGUEL SERRANO
_aG-2 İKİ DOSTUN HATIRASI
260 _bDESTEK YAYINLARI
999 _c1250448
_d1250448